Sports Quiz

Random Sports or Golf Quiz

World's Top-Ranked Golfers: Last 30 Years Quiz Stats

 Plays Quiz Updated Jan 23, 2018

Challenge
Share
Tweet
Embed
Score 0/300 Timer 10:00
4 Plays Today
Year Golfer % Correct
2010Tiger Woods
98.9%
2009Tiger Woods
98.9%
2008Tiger Woods
98.9%
2007Tiger Woods
98.9%
2006Tiger Woods
98.9%
2005Tiger Woods
98.9%
2004Tiger Woods
98.9%
2003Tiger Woods
98.9%
2002Tiger Woods
98.9%
2001Tiger Woods
98.9%
2000Tiger Woods
98.9%
1999Tiger Woods
98.9%
1998Tiger Woods
98.9%
1997Tiger Woods
98.9%
2012Tiger Woods
98.7%
2013Tiger Woods
98.6%
2011Rory McIlroy
91.3%
2012Rory McIlroy
91.1%
2010Phil Mickelson
90.8%
2009Phil Mickelson
90.8%
2006Phil Mickelson
90.8%
2005Phil Mickelson
90.8%
2002Phil Mickelson
90.8%
2001Phil Mickelson
90.8%
2000Phil Mickelson
90.8%
1999Phil Mickelson
90.8%
1997Phil Mickelson
90.8%
2008Phil Mickelson
90.8%
2007Phil Mickelson
90.8%
2004Phil Mickelson
90.8%
1998Phil Mickelson
90.8%
1996Phil Mickelson
90.8%
2013Rory McIlroy
90.6%
2014Rory McIlroy
90.3%
2015Rory McIlroy
90%
2016Rory McIlroy
89.9%
2010Rory McIlroy
89.6%
2009Rory McIlroy
89.6%
2013Phil Mickelson
89.3%
2017Jordan Spieth
88.4%
2017Dustin Johnson
88.4%
2017Sergio Garcia
88%
2008Vijay Singh
87.1%
2007Vijay Singh
87.1%
2006Vijay Singh
87.1%
2005Vijay Singh
87.1%
2004Vijay Singh
87.1%
2003Vijay Singh
87.1%
2002Vijay Singh
87.1%
2001Vijay Singh
87.1%
2000Vijay Singh
87.1%
1999Vijay Singh
87.1%
1998Vijay Singh
87.1%
2015Jordan Spieth
86.4%
2016Jordan Spieth
85.9%
2016Dustin Johnson
85.9%
2016Jason Day
84.1%
2015Jason Day
83.9%
2008Sergio Garcia
83.8%
2005Sergio Garcia
83.8%
2004Sergio Garcia
83.8%
2002Sergio Garcia
83.8%
2001Sergio Garcia
83.8%
2013Sergio Garcia
83.7%
2014Sergio Garcia
83.1%
2008Ernie Els
82.7%
2007Ernie Els
82.7%
2006Ernie Els
82.7%
2005Ernie Els
82.7%
2004Ernie Els
82.7%
2003Ernie Els
82.7%
2002Ernie Els
82.7%
2001Ernie Els
82.7%
2000Ernie Els
82.7%
1999Ernie Els
82.7%
1998Ernie Els
82.7%
1997Ernie Els
82.7%
1996Ernie Els
82.7%
1995Ernie Els
82.7%
1994Ernie Els
82.7%
2015Dustin Johnson
82.2%
2014Jason Day
79.1%
2016Henrik Stenson
78.9%
2017Justin Rose
78.9%
2012Bubba Watson
78.5%
2014Jordan Spieth
78.1%
2017Henrik Stenson
77.9%
2015Bubba Watson
77.8%
2014Bubba Watson
77.6%
2016Adam Scott
77.6%
2013Zach Johnson
77.2%
2011Adam Scott
76.9%
2012Adam Scott
76.8%
2011Dustin Johnson
76.2%
2015Henrik Stenson
75.9%
2013Adam Scott
75.8%
2016Bubba Watson
75.7%
2007Adam Scott
74.8%
2005Adam Scott
74.8%
2006Adam Scott
74.8%
Year Golfer % Correct
2014Adam Scott
74.5%
2011Jason Day
73.6%
2015Justin Rose
73.1%
1997Greg Norman
72.9%
1996Greg Norman
72.9%
1995Greg Norman
72.9%
1994Greg Norman
72.9%
1993Greg Norman
72.9%
1992Greg Norman
72.9%
1991Greg Norman
72.9%
1990Greg Norman
72.9%
1989Greg Norman
72.9%
1988Greg Norman
72.9%
2012Justin Rose
71.2%
2013Henrik Stenson
71.2%
2013Justin Rose
70.6%
2010Lee Westwood
70.5%
2009Lee Westwood
70.5%
2008Lee Westwood
70.5%
2000Lee Westwood
70.5%
1999Lee Westwood
70.5%
1998Lee Westwood
70.5%
2014Henrik Stenson
70.3%
2017Justin Thomas
70.2%
2011Lee Westwood
70.1%
2014Justin Rose
69.8%
2017Rickie Fowler
68.4%
1993Nick Faldo
68.1%
1991Nick Faldo
68.1%
1990Nick Faldo
68.1%
1996Nick Faldo
68.1%
1995Nick Faldo
68.1%
1994Nick Faldo
68.1%
1992Nick Faldo
68.1%
1989Nick Faldo
68.1%
1988Nick Faldo
68.1%
2012Lee Westwood
67.5%
2009Padraig Harrington
66.9%
2008Padraig Harrington
66.9%
2003Padraig Harrington
66.9%
2007Padraig Harrington
66.9%
2006Padraig Harrington
66.9%
2004Padraig Harrington
66.9%
2002Padraig Harrington
66.9%
2017Jon Rahm
66.8%
2017Hideki Matsuyama
66.5%
2016Hideki Matsuyama
66.2%
2011Luke Donald
66.1%
2010Luke Donald
66%
2006Luke Donald
66%
2007Justin Rose
65.3%
2009Henrik Stenson
64.2%
2008Henrik Stenson
64.2%
2015Rickie Fowler
64.2%
2011Martin Kaymer
63.7%
2010Martin Kaymer
63.4%
2012Luke Donald
62.8%
1991Seve Ballesteros
60%
1990Seve Ballesteros
60%
1989Seve Ballesteros
60%
1988Seve Ballesteros
60%
2014Rickie Fowler
58.5%
2010Jim Furyk
58.1%
2009Jim Furyk
58.1%
2007Jim Furyk
58.1%
2006Jim Furyk
58.1%
2005Jim Furyk
58.1%
2003Jim Furyk
58.1%
2010Graeme McDowell
57.5%
2015Jim Furyk
57.2%
2014Jim Furyk
56.5%
1995Bernhard Langer
56.5%
1994Bernhard Langer
56.5%
1993Bernhard Langer
56.5%
1992Bernhard Langer
56.5%
1991Bernhard Langer
56.5%
2005Colin Montgomerie
53.2%
2002Colin Montgomerie
53.2%
2000Colin Montgomerie
53.2%
1999Colin Montgomerie
53.2%
1998Colin Montgomerie
53.2%
1997Colin Montgomerie
53.2%
1996Colin Montgomerie
53.2%
1995Colin Montgomerie
53.2%
1994Colin Montgomerie
53.2%
1998Nick Price
52.1%
1994Nick Price
52.1%
1999Nick Price
52.1%
1997Nick Price
52.1%
1995Nick Price
52.1%
1993Nick Price
52.1%
1992Nick Price
52.1%
2006Retief Goosen
51.3%
2004Retief Goosen
51.3%
2002Retief Goosen
51.3%
2005Retief Goosen
51.3%
2003Retief Goosen
51.3%
2001Retief Goosen
51.3%
2001David Duval
50.5%
2000David Duval
50.5%
Year Golfer % Correct
1999David Duval
50.5%
1998David Duval
50.5%
2004Mike Weir
49.9%
2003Mike Weir
49.9%
1994José María Olazábal
49.5%
1992José María Olazábal
49.5%
1991José María Olazábal
49.5%
1990José María Olazábal
49.5%
1989José María Olazábal
49.5%
2016Patrick Reed
48.9%
2012Louis Oosthuizen
48.5%
1996Fred Couples
48.4%
1995Fred Couples
48.4%
1994Fred Couples
48.4%
1993Fred Couples
48.4%
1992Fred Couples
48.4%
1991Fred Couples
48.4%
2004Davis Love III
48.3%
2003Davis Love III
48.3%
2002Davis Love III
48.3%
2001Davis Love III
48.3%
2000Davis Love III
48.3%
1999Davis Love III
48.3%
1998Davis Love III
48.3%
1997Davis Love III
48.3%
1996Davis Love III
48.3%
1993Davis Love III
48.3%
1992Davis Love III
48.3%
1993Ian Woosnam
48.2%
1992Ian Woosnam
48.2%
1991Ian Woosnam
48.2%
1990Ian Woosnam
48.2%
1989Ian Woosnam
48.2%
1988Ian Woosnam
48.2%
2015Patrick Reed
44.7%
2001Darren Clarke
44.5%
2017Brooks Koepka
44.2%
2011Charl Schwartzel
43.6%
2010Steve Stricker
42.3%
2009Steve Stricker
42.3%
2007Steve Stricker
42.3%
2007Choi Kyung-Ju
42.2%
2011Steve Stricker
41.3%
2016Alex Noren
40.3%
1991Payne Stewart
38.8%
1990Payne Stewart
38.8%
1989Payne Stewart
38.8%
2013Matt Kuchar
38.8%
2008Camilo Villegas
38.1%
1998Mark O'Meara
37.7%
1999Mark O'Meara
37.6%
1997Mark O'Meara
37.6%
1996Mark O'Meara
37.6%
2010Paul Casey
37.3%
2009Paul Casey
37.3%
2013Steve Stricker
36%
1988Sandy Lyle
33.9%
1993Tom Kite
32.4%
1990Tom Kite
32.4%
1989Tom Kite
32.4%
2012Jason Dufner
32.4%
2011Webb Simpson
31.4%
2004Stewart Cink
29.8%
2000Tom Lehman
29.6%
1997Tom Lehman
29.7%
1996Tom Lehman
29.6%
1993Paul Azinger
29.4%
1992Paul Azinger
29.4%
1990Paul Azinger
29.4%
1991Paul Azinger
29.4%
1988Paul Azinger
29.4%
1993Corey Pavin
28.9%
1995Corey Pavin
28.9%
1994Corey Pavin
28.9%
1989Paul Azinger
28.8%
2006Geoff Ogilvy
28.1%
2012Brandt Snedeker
27.1%
2008Robert Karlsson
26.3%
1989Curtis Strange
26%
1988Curtis Strange
26%
2003David Toms
25.3%
2002David Toms
25.3%
2001David Toms
25.3%
1988Ben Crenshaw
24.1%
2009Kenny Perry
21.8%
2003Kenny Perry
21.8%
1997Masashi Ozaki
21.3%
1996Masashi Ozaki
21.3%
1995Masashi Ozaki
21.3%
1994Masashi Ozaki
21.3%
1990Mark Calcavecchia
20.4%
1989Mark Calcavecchia
20.4%
1988Mark Calcavecchia
20.4%
2000Hal Sutton
17.7%
1995Steve Elkington
17.5%
1991Rodger Davis
16.9%
2005Chris DiMarco
16.1%
1990Mark McNulty
14.5%
1988David Frost
10.2%
1992John Cook
9.6%

You're not logged in!

Compare scores with friends on all Sporcle quizzes.
Join for Free
OR
Log In

You Might Also Like...

Show Comments

Extras

Top Quizzes Today


Score Distribution

Your Account Isn't Verified!

In order to create a playlist on Sporcle, you need to verify the email address you used during registration. Go to your Sporcle Settings to finish the process.

Report this User

Report this user for behavior that violates our Community Guidelines.

Details: